FINANCIAL MANAGEMENT (Record no. 16975)

MARC details
000 -LEADER
fixed length control field 00366nam a2200145Ia 4500
008 - FIXED-LENGTH DATA ELEMENTS--GENERAL INFORMATION
fixed length control field 240624s9999 xx 000 0 und d
041 ## - LANGUAGE CODE
Language code of text/sound track or separate title eng
082 ## - DEWEY DECIMAL CLASSIFICATION NUMBER
Classification number 658.15 MEG
100 ## - MAIN ENTRY--PERSONAL NAME
Personal name MEGGINSON WILLIAM L
245 ## - TITLE STATEMENT
Title FINANCIAL MANAGEMENT
250 ## - EDITION STATEMENT
Edition statement (2nd ed.)
260 ## - PUBLICATION, DISTRIBUTION, ETC.
Date of publication, distribution, etc. 2008
Place of publication, distribution, etc. Exch.Australia
Name of publisher, distributor, etc. South-Western College Pub.
300 ## - PHYSICAL DESCRIPTION
Extent 1056 : p.
365 ## - TRADE PRICE
Currency code
Price amount 25
Holdings
Withdrawn status Lost status Damaged status Not for loan Home library Current library Shelving location Date acquired Source of acquisition Cost, normal purchase price Full call number Barcode Date last seen Copy number Price effective from Koha item type
        IMTN IMTN Rack 24-A 04/18/2011 AP 61.00 658.15 MEG 16975 06/24/2024 47.4 06/24/2024 Books
Designed & Maintained by: LRC IMT Nagpur Contact: lrc@imtnag.ac.in© 2024. All Rights Reserved.